000 00733nam a2200253 a 4500
999 _c1657
_d1657
007 ta
008 200114s2014 ii |||g u|||f00| 0 eng d
020 _cRs. 300.00
040 _aKO
_beng
041 0 _aeng
044 _aii
082 0 4 _223
_a623.8932
_bIS13632:2014
110 2 _aBureau of Indian Standards
245 1 0 _aShips and Marine Technology- Marine Gyro Compasses :
_bsecond revision
260 _aNew Delhi :
_bBureau of Indian Standards,
_c2014
300 _a11 p. ;
_c30 cm.
490 0 _aIndian Standard ;
_vIS 13632 : 2014
650 0 _aGyro compass
_x Design and construction
_xStandards
650 0 _aGyro compass
_xTesting
_xStandards
904 _aRUDRA_R
905 _aR_RANJAN
942 _cRT